Regionálne integračné zoskupenia vo svete - NAFTA diplomová práca

Gespeichert in:
Bibliographische Detailangaben
1. Verfasser: Bolaček, Ondrej
Körperschaft: Fakulta medzinárodných vzťahov EU. Katedra medzinárodných ekonomických vzťahov a hospodárskej diplomacie
Weitere Verfasser: Grešš, Martin, 1978-
Format: Buch
Sprache:Slowakisch
Veröffentlicht: Bratislava 2010
Tags: Tag hinzufügen
Keine Tags, Fügen Sie das erste Tag hinzu!

MARC

LEADER 00000nam a2200000 4500
001 0121327
005 20240318123322.3
041 0 |a slo 
044 |a SK 
245 1 0 |a Regionálne integračné zoskupenia vo svete - NAFTA  |b diplomová práca  |c Ondrej Bolaček ; škol. Martin Grešš 
264 1 |a Bratislava  |c 2010 
100 1 |a Bolaček, Ondrej 
700 1 |a Grešš, Martin, 1978- 
710 2 |a Fakulta medzinárodných vzťahov EU. Katedra medzinárodných ekonomických vzťahov a hospodárskej diplomacie